<?xml version="1.0" encoding="UTF-8"?>
<record
    xmlns:xsi="http://www.w3.org/2001/XMLSchema-instance"
    xsi:schemaLocation="http://www.loc.gov/MARC21/slim http://www.loc.gov/standards/marcxml/schema/MARC21slim.xsd"
    xmlns="http://www.loc.gov/MARC21/slim">

  <leader>01831nam0a22002771  4500</leader>
  <controlfield tag="001">rc\3323032</controlfield>
  <controlfield tag="005">20260407041758.0</controlfield>
  <datafield tag="021" ind1=" " ind2=" ">
    <subfield code="a">RU</subfield>
    <subfield code="b">[69-60478]</subfield>
  </datafield>
  <datafield tag="035" ind1=" " ind2=" ">
    <subfield code="a">(NLR Aleph) 007509641</subfield>
  </datafield>
  <datafield tag="090" ind1=" " ind2=" ">
    <subfield code="a">7691622</subfield>
    <subfield code="c">7691622</subfield>
  </datafield>
  <datafield tag="100" ind1=" " ind2=" ">
    <subfield code="a">20130115d1969    |||y0rusy50      ca</subfield>
  </datafield>
  <datafield tag="101" ind1="0" ind2=" ">
    <subfield code="a">rus</subfield>
  </datafield>
  <datafield tag="102" ind1=" " ind2=" ">
    <subfield code="a">RU</subfield>
  </datafield>
  <datafield tag="105" ind1=" " ind2=" ">
    <subfield code="a">a   z   |||||</subfield>
  </datafield>
  <datafield tag="200" ind1="1" ind2=" ">
    <subfield code="a">&#x421;&#x43E;&#x432;&#x435;&#x440;&#x448;&#x435;&#x43D;&#x441;&#x442;&#x432;&#x43E;&#x432;&#x430;&#x43D;&#x438;&#x435; &#x441;&#x438;&#x441;&#x442;&#x435;&#x43C;&#x44B; &#x440;&#x430;&#x437;&#x440;&#x430;&#x431;&#x43E;&#x442;&#x43A;&#x438; &#x43D;&#x430;&#x43A;&#x43B;&#x43E;&#x43D;&#x43D;&#x44B;&#x43C;&#x438; &#x441;&#x43B;&#x43E;&#x44F;&#x43C;&#x438; &#x43F;&#x43E; &#x432;&#x43E;&#x441;&#x441;&#x442;&#x430;&#x43D;&#x438;&#x44E; &#x441; &#x432;&#x44B;&#x435;&#x43C;&#x43A;&#x43E;&#x439; &#x441;&#x43B;&#x43E;&#x435;&#x432; &#x443;&#x437;&#x43A;&#x438;&#x43C;&#x438; &#x43F;&#x43E;&#x43B;&#x43E;&#x441;&#x430;&#x43C;&#x438; &#x43F;&#x43E; &#x43F;&#x440;&#x43E;&#x441;&#x442;&#x438;&#x440;&#x430;&#x43D;&#x438;&#x44E; &#x441; &#x433;&#x438;&#x434;&#x440;&#x43E;&#x437;&#x430;&#x43A;&#x43B;&#x430;&#x434;&#x43A;&#x43E;&#x439;</subfield>
    <subfield code="e">&#x41A;&#x440;&#x430;&#x442;&#x43A;&#x438;&#x439; &#x43D;&#x430;&#x443;&#x447;. &#x43E;&#x442;&#x447;&#x435;&#x442;</subfield>
    <subfield code="f">&#x41D;&#x430;&#x443;&#x447;. &#x440;&#x443;&#x43A;&#x43E;&#x432;&#x43E;&#x434;&#x438;&#x442;&#x435;&#x43B;&#x44C; &#x43A;&#x430;&#x43D;&#x434;. &#x442;&#x435;&#x445;&#x43D;. &#x43D;&#x430;&#x443;&#x43A; &#x410;.&#x41F;. &#x424;&#x438;&#x43B;&#x438;&#x43F;&#x43F;&#x43E;&#x432;</subfield>
    <subfield code="g">&#x418;&#x441;&#x43F;&#x43E;&#x43B;&#x43D;&#x438;&#x442;&#x435;&#x43B;&#x44C; &#x438;&#x43D;&#x436;. &#x412;.&#x412;. &#x421;&#x43B;&#x430;&#x432;&#x43E;&#x43B;&#x44E;&#x431;&#x43E;&#x432;</subfield>
    <subfield code="g">&#x41C;-&#x432;&#x43E; &#x443;&#x433;&#x43E;&#x43B;&#x44C;&#x43D;&#x43E;&#x439; &#x43F;&#x440;&#x43E;&#x43C;-&#x441;&#x442;&#x438; &#x421;&#x421;&#x421;&#x420;. &#x410;&#x41D; &#x421;&#x421;&#x421;&#x420;. &#x418;&#x43D;-&#x442; &#x433;&#x43E;&#x440;&#x43D;&#x43E;&#x433;&#x43E; &#x434;&#x435;&#x43B;&#x430; &#x438;&#x43C;. &#x410;.&#x410;. &#x421;&#x43A;&#x43E;&#x447;&#x438;&#x43D;&#x441;&#x43A;&#x43E;&#x433;&#x43E;. &#x41B;&#x430;&#x431;&#x43E;&#x440;&#x430;&#x442;&#x43E;&#x440;&#x438;&#x44F; &#x442;&#x435;&#x445;&#x43D;.-&#x44D;&#x43A;&#x43E;&#x43D;. &#x430;&#x43D;&#x430;&#x43B;&#x438;&#x437;&#x430; &#x440;&#x430;&#x431;&#x43E;&#x442;&#x44B; &#x438; &#x43D;&#x430;&#x443;&#x447;. &#x43F;&#x440;&#x43E;&#x433;&#x43D;&#x43E;&#x437;&#x438;&#x440;&#x43E;&#x432;&#x430;&#x43D;&#x438;&#x44F; &#x443;&#x433;&#x43E;&#x43B;&#x44C;&#x43D;&#x43E;&#x439; &#x43F;&#x440;&#x43E;&#x43C;-&#x441;&#x442;&#x438; &#x421;&#x421;&#x421;&#x420;</subfield>
  </datafield>
  <datafield tag="210" ind1=" " ind2=" ">
    <subfield code="a">&#x41C;&#x43E;&#x441;&#x43A;&#x432;&#x430;</subfield>
    <subfield code="c">&#x411;. &#x438;.</subfield>
    <subfield code="d">1969</subfield>
  </datafield>
  <datafield tag="215" ind1=" " ind2=" ">
    <subfield code="a">48 &#x441;.</subfield>
    <subfield code="c">&#x447;&#x435;&#x440;&#x442;.</subfield>
    <subfield code="d">20</subfield>
  </datafield>
  <datafield tag="606" ind1=" " ind2=" ">
    <subfield code="a">&#x423;&#x433;&#x43E;&#x43B;&#x44C;&#x43D;&#x44B;&#x435; &#x43C;&#x435;&#x441;&#x442;&#x43E;&#x440;&#x43E;&#x436;&#x434;&#x435;&#x43D;&#x438;&#x44F;</subfield>
    <subfield code="x">&#x421;&#x438;&#x441;&#x442;&#x435;&#x43C;&#x44B; &#x440;&#x430;&#x437;&#x440;&#x430;&#x431;&#x43E;&#x442;&#x43A;&#x438;</subfield>
    <subfield code="y">&#x41A;&#x443;&#x437;&#x43D;&#x435;&#x446;&#x43A;&#x438;&#x439; &#x443;&#x433;&#x43E;&#x43B;&#x44C;&#x43D;&#x44B;&#x439; &#x431;&#x430;&#x441;&#x441;&#x435;&#x439;&#x43D;</subfield>
    <subfield code="2">psbo</subfield>
  </datafield>
  <datafield tag="702" ind1=" " ind2="1">
    <subfield code="a">&#x424;&#x438;&#x43B;&#x438;&#x43F;&#x43F;&#x43E;&#x432;</subfield>
    <subfield code="b">&#x410;.&#x41F;.</subfield>
    <subfield code="4">570</subfield>
  </datafield>
  <datafield tag="702" ind1=" " ind2="1">
    <subfield code="a">&#x421;&#x43B;&#x430;&#x432;&#x43E;&#x43B;&#x44E;&#x431;&#x43E;&#x432;</subfield>
    <subfield code="b">&#x412;.&#x412;.</subfield>
    <subfield code="4">570</subfield>
  </datafield>
  <datafield tag="710" ind1="0" ind2="2">
    <subfield code="a">&#x418;&#x43D;&#x441;&#x442;&#x438;&#x442;&#x443;&#x442; &#x433;&#x43E;&#x440;&#x43D;&#x43E;&#x433;&#x43E; &#x434;&#x435;&#x43B;&#x430; &#x438;&#x43C;. &#x410;.&#x410;.&#x421;&#x43A;&#x43E;&#x447;&#x438;&#x43D;&#x441;&#x43A;&#x43E;&#x433;&#x43E;</subfield>
    <subfield code="c">&#x41C;&#x43E;&#x441;&#x43A;&#x432;&#x430;</subfield>
    <subfield code="b">&#x41B;&#x430;&#x431;&#x43E;&#x440;&#x430;&#x442;&#x43E;&#x440;&#x438;&#x44F; &#x442;&#x435;&#x445;&#x43D;&#x438;&#x43A;&#x43E;-&#x44D;&#x43A;&#x43E;&#x43D;. &#x430;&#x43D;&#x430;&#x43B;&#x438;&#x437;&#x430; &#x440;&#x430;&#x431;&#x43E;&#x442;&#x44B; &#x438; &#x43D;&#x430;&#x443;&#x447;. &#x43F;&#x440;&#x43E;&#x433;&#x43D;&#x43E;&#x437;&#x438;&#x440;&#x43E;&#x432;&#x430;&#x43D;&#x438;&#x44F; &#x443;&#x433;&#x43E;&#x43B;&#x44C;&#x43D;&#x43E;&#x439; &#x43F;&#x440;&#x43E;&#x43C;&#x44B;&#x448;&#x43B;&#x435;&#x43D;&#x43D;&#x43E;&#x441;&#x442;&#x438; &#x421;&#x421;&#x421;&#x420;</subfield>
    <subfield code="3">RU\NLR\AUTH\8810013933</subfield>
    <subfield code="9">525769</subfield>
  </datafield>
  <datafield tag="801" ind1=" " ind2="0">
    <subfield code="a">RU</subfield>
    <subfield code="b">NLR</subfield>
    <subfield code="g">psbo</subfield>
  </datafield>
  <datafield tag="801" ind1=" " ind2="1">
    <subfield code="a">RU</subfield>
    <subfield code="b">ELAR</subfield>
    <subfield code="2">rusmarc</subfield>
  </datafield>
  <datafield tag="852" ind1=" " ind2=" ">
    <subfield code="a">NLR</subfield>
    <subfield code="j">69-4/16641</subfield>
  </datafield>
  <datafield tag="942" ind1=" " ind2=" ">
    <subfield code="c">BOOK</subfield>
  </datafield>
  <datafield tag="980" ind1=" " ind2=" ">
    <subfield code="a">NB</subfield>
  </datafield>
  <datafield tag="995" ind1=" " ind2=" ">
    <subfield code="5">2013-10-26</subfield>
    <subfield code="b">NLR01</subfield>
    <subfield code="c">NLR01</subfield>
    <subfield code="e">RF31</subfield>
    <subfield code="f">7509641-10</subfield>
    <subfield code="k">69-4/16641</subfield>
    <subfield code="o">0</subfield>
    <subfield code="r">BOOK</subfield>
    <subfield code="s">69416641_</subfield>
  </datafield>
</record>
